000 00703nam a2200229 i 4500
001 C2-0326839
003 PPAK
005 20180728124601.0
008 140415s2012 my a|||| ||||| | may d
020 _a9789839827286
040 _aPPAK
_beng
_cPPAK
_erda
082 0 4 _a351.595
_223
090 0 0 _a351.595
_bSID
_dR
245 0 0 _aSidek Hassan :
_btransformasi perkhidmatan awam
264 1 _aPutrajaya :
_bUnit Pemodenan Tadbiran dan Perancangan Pengurusan Malaysia (MAMPU) ,
_c2012
300 _axv, 199 pages :
_billustrations ;
_c25 cm
336 _2rdacontent
_atext
337 _2rdamedia
_aunmediated
338 _2rdacarrier
_avolume
650 1 0 _aCivil service - Malaysia
942 _ddc
_cB
999 _c126438
_d126438